|
|
|
|
| LEADER |
01794nam a2200505 a 4500 |
| 001 |
nkc20081807802 |
| 003 |
CZ PrNK |
| 005 |
20080829152538.0 |
| 007 |
ta |
| 008 |
080609s2007 xr a g f 001 0 cze |
| 015 |
|
|
|a cnb001807802
|
| 020 |
|
|
|a 978-80-7309-489-8
|q (brož.)
|
| 035 |
|
|
|a (OCoLC)244814162
|
| 040 |
|
|
|a OLA001
|b cze
|d ABA001
|
| 043 |
|
|
|a e-xr---
|
| 072 |
|
7 |
|a 913(437)
|x Geografie Česka a Slovenska, reálie, cestování
|2 Konspekt
|9 7
|
| 080 |
|
|
|a 725.012.28
|2 MRF
|
| 080 |
|
|
|a 908(437.3)
|2 MRF
|
| 080 |
|
|
|a (188)-024.544
|2 MRF
|
| 080 |
|
|
|a (036)
|2 MRF
|
| 080 |
|
|
|a (084.12)
|2 MRF
|
| 100 |
1 |
|
|a Růžička, Jiří
|7 xx0027229
|4 aut
|4 pht
|
| 245 |
1 |
0 |
|a 100 nejkrásnějších rozhleden a výhledových míst :
|b do kapsy /
|c Jiří Růžička
|
| 246 |
3 |
|
|a Sto nejkrásnějších rozhleden a výhledových míst
|
| 246 |
3 |
0 |
|a 100 nejkrásnějších rozhleden a výhledových míst do kapsy
|
| 246 |
3 |
0 |
|a Sto nejkrásnějších rozhleden a výhledových míst do kapsy
|
| 250 |
|
|
|a Vyd. 1.
|
| 260 |
|
|
|a Praha :
|b Levné knihy,
|c 2007
|
| 300 |
|
|
|a 329 s. :
|b barev. il. ;
|c 21 cm
|
| 500 |
|
|
|a Obsahuje rejstřík
|
| 650 |
0 |
7 |
|a rozhledny
|7 ph125258
|z Česko
|2 czenas
|
| 650 |
0 |
7 |
|a rozhledová místa
|7 ph136793
|z Česko
|2 czenas
|
| 650 |
0 |
9 |
|a lookout towers
|z Czechia
|2 eczenas
|
| 650 |
0 |
9 |
|a lookout points
|z Czechia
|2 eczenas
|
| 655 |
|
7 |
|a průvodce
|7 fd133154
|2 czenas
|
| 655 |
|
9 |
|a guidebooks
|2 eczenas
|
| 651 |
|
7 |
|a Česko
|7 ge128065
|x vlastivěda
|2 czenas
|
| 651 |
|
9 |
|a Czechia
|x description and travel
|2 eczenas
|
| 910 |
2 |
|
|a BOA001
|b 2-1207.187
|
| 928 |
9 |
|
|a Levné knihy KMa
|
| 928 |
9 |
|
|a KMa
|
| 990 |
|
|
|a BK
|
| 995 |
|
|
|a 01
|
| 991 |
|
|
|b 200806
|c NOV
|
| 996 |
6 |
|
|b 2610346413
|c 2-1207.187
|l MZK
|r Sklad / do 1 hodiny
|n 4
|p p.v.
|w 001065599
|u 000010
|a 1
|e BOA001
|j MZK50
|s P
|